Nghề bảo vệ thực vật

Đã lưu trong:
Sonraí Bibleagrafaíochta
Formáid: Leabhar
Teanga:Undetermined
Foilsithe: Hà Nội Giáo dục [1980]
Ábhair:
Clibeanna: Cuir Clib Leis
Gan Chlibeanna, Bí ar an gcéad duine leis an taifead seo a chlibeáil!
Thư viện lưu trữ: Trung tâm Học liệu Trường Đại học Cần Thơ
LEADER 00455nam a2200157Ia 4500
001 CTU_126318
008 210402s9999 xx 000 0 und d
082 |a 632.95 
082 |b Ngh250 
245 0 |a Nghề bảo vệ thực vật 
260 |a Hà Nội 
260 |b Giáo dục 
260 |c [1980] 
650 |a Agricultural chemicals,Insecticides,Pesticides 
904 |i Nguyên 
980 |a Trung tâm Học liệu Trường Đại học Cần Thơ